| 000 | 01431cam a22003614a 4500 | ||
|---|---|---|---|
| 999 |
_c7030 _d7030 |
||
| 001 | 14133179 | ||
| 003 | GBCCL | ||
| 005 | 20241126110617.0 | ||
| 008 | 051005s2006 ilu b 001 0 eng | ||
| 010 | _a 2005029226 | ||
| 020 | _a0802407714 | ||
| 020 | _a9780802407719 | ||
| 035 | _a(OCoLC)ocm62089857 | ||
| 040 |
_aDLC _cDLC _dBAKER _dCBC _dC#P _dDLC |
||
| 042 | _apcc | ||
| 050 | 0 | 0 |
_aBS2615.53 _b.M33 2006 |
| 082 | 0 | 0 |
_a225.77 _222 _bMAC |
| 100 | 1 |
_aMacArthur, John, _d1939- _91165 |
|
| 245 | 1 | 0 |
_aJohn 1-11 / _cJohn MacArthur, Jr. |
| 250 | _aIndian edition | ||
| 260 |
_aChicago : _bMoody Press, _cc2006. |
||
| 300 |
_aviii, 509 p. ; _c24 cm. |
||
| 490 | 1 | _aThe MacArthur New Testament commentary | |
| 504 | _aIncludes bibliographical references (p. 487-488) and indexes. | ||
| 630 | 0 | 0 |
_aBible. _pJohn, I-II _vCommentaries. _912472 |
| 800 | 1 |
_aMacArthur, John, _d1939- _tMacArthur New Testament commentary. _912401 |
|
| 856 | 4 | 2 |
_3Publisher description _uhttp://www.loc.gov/catdir/enhancements/fy0702/2005029226-d.html |
| 856 | 4 | 1 |
_3Table of contents only _uhttp://www.loc.gov/catdir/enhancements/fy1202/2005029226-t.html |
| 856 | 4 | 2 |
_3Contributor biographical information _uhttp://www.loc.gov/catdir/enhancements/fy1202/2005029226-b.html |
| 906 |
_a7 _bcbc _corignew _d1 _eecip _f20 _gy-gencatlg |
||
| 942 |
_2ddc _cREF |
||